Catálogo

100 personajes / (Registro nro. 67385)

Detalles MARC
000 -LEADER
fixed length control field 00761nam a2200253 u 4500
001 - CONTROL NUMBER
control field 67385
005 - DATE AND TIME OF LATEST TRANSACTION
control field 20220620102114.0
008 - FIXED-LENGTH DATA ELEMENTS--GENERAL INFORMATION
fixed length control field 170518s2003 mx a r 000 0 spa d
040 ## - CATALOGING SOURCE
Description conventions rda
041 0# - LANGUAGE CODE
Language code of text/sound track or separate title spa
082 0# - DEWEY DECIMAL CLASSIFICATION NUMBER
Classification number 920.0092924
Item number LEV
100 1# - MAIN ENTRY--PERSONAL NAME
Personal name Levinsky, Manuel,
Dates associated with a name 1923-2008
Relator term autor
9 (RLIN) 4426
245 10 - TITLE STATEMENT
Title 100 personajes /
Statement of responsibility, etc. Manuel Levinsky.
250 ## - EDITION STATEMENT
Edition statement [Primera edición]
264 #1 - PRODUCTION, PUBLICATION, DISTRIBUTION, MANUFACTURE, AND COPYRIGHT NOTICE
Place of production, publication, distribution, manufacture México :
Name of producer, publisher, distributor, manufacturer Lito Offset Artísticos,
Date of production, publication, distribution, manufacture, or copyright notice 2003
300 ## - PHYSICAL DESCRIPTION
Extent 368 páginas :
Other physical details ilustraciones ;
Dimensions 23 cm.
336 ## - CONTENT TYPE
Content type term texto
Source rdacontent
Content type code txt
337 ## - MEDIA TYPE
Media type term sin medio
Source rdamedia
Media type code n
338 ## - CARRIER TYPE
Carrier type term volumen
Source rdacarrier
Carrier type code nc
500 ## - GENERAL NOTE
General note Colección Ocejo
650 #4 - SUBJECT ADDED ENTRY--TOPICAL TERM
Topical term or geographic name entry element Judíos
Form subdivision Briografías
650 #4 - SUBJECT ADDED ENTRY--TOPICAL TERM
Topical term or geographic name entry element Judíos
942 ## - ADDED ENTRY ELEMENTS (KOHA)
Classification part 920.0092924
Item part LEV
Koha item type Libro
Existencias
Withdrawn status Lost status Source of classification or shelving scheme Damaged status Not for loan Collection code Home library Current library Shelving location Date acquired Source of acquisition Inventory number Total Checkouts Full call number Barcode Date last seen Price effective from Koha item type
    Dewey Decimal Classification     General Biblioteca Karol Wojtyla Biblioteca Karol Wojtyla Sala general 18/05/2017 Compra 151000000000000000036533   920.0092924 LEV 2003 97743 05/01/2026 07/06/2017 Libro